00345nam a2200145Ia 4500008004100000020001800041082001600059100001800075245001700093250000600110260003400116300001500150500002400165650001000189230524s9999 xx 000 0 und d a9788122419047 a553.79bRAG aH.M.Raghunath 0aGround Water a3 aNew DelhibNew Age Int.c2014 a"xv,499p;" aQuantity Number: 1 aCivil